Science Quiz

Random Science Quiz

Biodiversity 12-14 Quiz Stats

Quiz not verified by Sporcle

Challenge
Share
Tweet
Embed
Score 0/49 Timer 15:00
0 Plays Today
% Correct
Joints
75%
Thorax
58.3%
Chitin
50%
Cephalothorax
41.7%
550
33.3%
Ordovician
33.3%
Pedipalps
33.3%
Tailless Whip
33.3%
Inwards
33.3%
Silurian
33.3%
Devonian
33.3%
250
33.3%
Wings
33.3%
Instars
33.3%
Fold
33.3%
Cockroaches
33.3%
Coleoptera
33.3%
5000
33.3%
Trilobite
25%
Hemocyanin
25%
1500
25%
Acari
25%
Salticidae
25%
Antennae
25%
Setae
25%
% Correct
Incomplete
25%
Hemiptera
25%
Mouthparts
25%
Grubs
25%
Elytra
25%
300000
25%
Goliath Scarab Beetle
25%
Dung Beetles
25%
Leaf
25%
Whirligig Beetles
25%
Asian
25%
Ovoviviparity
16.7%
6000
16.7%
40000
16.7%
Orthoptera
16.7%
Pedical
8.3%
Opiliones
8.3%
Phoresy
8.3%
Aristate
8.3%
Curculionidae
8.3%
Staphylinidae
8.3%
Cerambycidae
8.3%
Setaceous
0%
Endopterygota
0%

You're not logged in!

Compare scores with friends on all Sporcle quizzes.
Join for Free
OR
Log In

You Might Also Like...

Show Comments

Extras

Top Quizzes Today


Score Distribution

Your Account Isn't Verified!

In order to create a playlist on Sporcle, you need to verify the email address you used during registration. Go to your Sporcle Settings to finish the process.

Report this User

Report this user for behavior that violates our Community Guidelines.

Details: